Statistics for Largest Cities in Alabama - Extreme

Click here to take the quiz!

General Stats

  • This quiz has been taken 17 times
  • The average score is 17 of 100

Answer Stats

PopulationCity% Correct
200,603Montgomery
100%
200,733Birmingham
93%
187,041Mobile
86%
99,600Tuscaloosa
86%
76,143Auburn
79%
215,006Huntsville
79%
57,938Decatur
43%
71,072Dothan
43%
56,933Madison
43%
40,184Florence
36%
38,816Phenix City
36%
25,406Athens
29%
27,462Daphne
29%
22,477Fairhope
29%
7,374Greenville
29%
15,014Gulf Shores
29%
92,606Hoover
29%
14,385Jacksonville
29%
8,095Orange Beach
29%
33,284Alabaster
21%
26,019Bessemer
21%
8,768Clanton
21%
33,945Gadsden
21%
22,069Oxford
21%
37,781Prattville
21%
17,971Selma
21%
17,727Troy
21%
26,123Trussville
21%
39,102Vestavia Hills
21%
22,386Albertville
14%
8,805Andalusia
14%
21,564Anniston
14%
8,107Bay Minette
14%
16,494Calera
14%
10,291Clay
14%
18,213Cullman
14%
28,711Enterprise
14%
20,335Foley
14%
15,455Hartselle
14%
26,414Homewood
14%
6,845Lincoln
14%
22,461Mountain Brook
14%
16,275Muscle Shoals
14%
31,125Northport
14%
30,995Opelika
14%
24,318Pelham
14%
19,322Prichard
14%
16,171Saraland
14%
9,395Tuskegee
14%
7,220Wetumpka
14%
14,843Alexander City
7%
8,461Arab
7%
8,391Atmore
7%
10,107Boaz
7%
16,406Center Point
7%
14,982Chelsea
7%
6,457Chickasaw
7%
7,162Demopolis
7%
12,882Eufaula
7%
10,000Fairfield
7%
14,877Fort Payne
7%
9,876Fultondale
7%
16,044Gardendale
7%
8,553Guntersville
7%
20,914Helena
7%
13,497Irondale
7%
14,572Jasper
7%
6,970Lanett
7%
12,324Leeds
7%
9,688Meadowbrook
7%
16,564Millbrook
7%
7,229Montevallo
7%
13,170Moody
7%
6,938Oneonta
7%
14,368Ozark
7%
12,939Pell City
7%
9,439Pike Road
7%
7,215Pinson
7%
10,191Rainbow City
7%
10,855Russellville
7%
6,749Satsuma
7%
15,578Scottsboro
7%
9,403Sheffield
7%
9,426Southside
7%
10,049Spanish Fort
7%
12,578Sylacauga
7%
17,731Tillmans Corner
7%
9,054Tuscumbia
7%
7,406Brook Highland
0%
10,409Forestdale
0%
7,042Hamilton
0%
16,776Hueytown
0%
8,209Meridianville
0%
6,729Moores Mill
0%
6,771Opp
0%
9,544Pleasant Grove
0%
6,708Robertsdale
0%
9,956Saks
0%
15,861Talladaga
0%
10,529Valley
0%

Score Distribution

Percentile by Number Answered

Percent of People with Each Score

Your Score History

You have not taken this quiz